00543nam a22001697a 4500003000400000008004100004020001500045082001900060100002600079245010900105260003800214300001900252650003400271650003100305700002200336700001500358OSt240229b2004 |||||||| |||| 00| 0 eng d a8174463771 a658.402bPAT-I aPattanayak, Biswajeet aIntelligent organisation :ba madmap to success /cBiswajeet Pattanayak, Phalgu Niranjana and K Lakshmi. aNew Delhi :bExcel Books ,c2004. aviii, 256 p. ; aBusiness management strategy, aOrganizational development aNiranjana, Phalgu aLakshmi, K